| 000 | 00363nam a22001337a 4500 | ||
|---|---|---|---|
| 020 | _a07-014647-0 | ||
| 082 | _a629.253 CRO'A | ||
| 100 |
_aCROUSE, WILLAIM H _958689 |
||
| 245 | _aAUTOMOTIVE FUEL LUBRICATION AND COOLING SYSTEMS CONSTRUCTION OPERATIONS AND MAINTENANCE | ||
| 250 | _a4TH | ||
| 260 |
_aNEWYORK _bMCGRAW HILL _c1971 |
||
| 300 | _a371P | ||
| 942 | _cBK | ||
| 999 |
_c582709 _d582709 |
||